| 000 | 00392 a2200169 4500 | ||
|---|---|---|---|
| 003 | Nust | ||
| 005 | 20230125180032.0 | ||
| 040 | _cNust | ||
| 082 | _a808.83 | ||
| 100 |
_aPowell, Dawn _9107683 |
||
| 245 |
_aA time to be Born / _cDawn Powell |
||
| 260 |
_aLondon _bConstable _c1943 |
||
| 300 | _a333 p | ||
| 538 | _aAlmirah No.58 and Shelf No.2 | ||
| 650 |
_aNovel _92525 |
||
| 942 |
_2ddc _cBK |
||
| 999 |
_c191010 _d191010 |
||